[Event "AUTO-OPEN-3287"]
[Site "http://www.queenalice.com/game.php?id=1294272"]
[Date "2014.7.12"]
[Round "1"]
[White "Warner"]
[Black "jartuga99"]
[Result "0-1"]
[WhiteElo "1822"]
[BlackElo "2064"]

1. d4 d5 2. c4 Nf6 3. e3 c6 4. Nf3 g6 5. Nc3 Bg7 6. cxd5 cxd5 7. Bd3 O-O 8. O-O
Nc6 9. a3 a6 10. Bd2 Re8 11. Bc2 e5 12. dxe5 Nxe5 13. Nxe5 Rxe5 14. Rb1 b5 15.
Ne2 Bb7 16. Bc3 Re8 17. Nd4 Ne4 18. Bxe4 Rxe4 19. Nb3 d4 20. Nxd4 Qe8 21. Qc2
Rc8 22. Ne2 Qc6 23. f3 Rxe3 24. Qd2 Qb6 25. Bd4 Rxe2 0-1

[Event "AUTO-ADV-3202"]
[Site "http://www.queenalice.com/game.php?id=1297569"]
[Date "2014.7.27"]
[Round "1"]
[White "junipero"]
[Black "Warner"]
[Result "1/2-1/2"]
[WhiteElo "1994"]
[BlackElo "1788"]

1. d4 d5 2. c4 e6 3. Nc3 Nf6 4. e3 c5 5. dxc5 Bxc5 6. cxd5 exd5 7. Nf3 O-O 8. g3
Nc6 9. Bg2 d4 10. exd4 Nxd4 11. O-O Bg4 12. Be3 Rc8 13. Bxd4 Bxf3 14. Bxf3 Bxd4
15. Bxb7 Rb8 16. Qf3 Qb6 17. Bd5 Qxb2 18. Ne2 Nxd5 19. Qxd5 Qxe2 20. Qxd4 Ra8
21. Rfe1 Qb5 22. Re5 Qb6 23. Qd5 Rad8 24. Qe4 Qb8 25. Re1 g6 26. Re7 Qa8 27. Qe3
a5 28. Ra7 Qd5 29. Qb6 Qxa2 30. Rxa5 Qd2 31. Re7 Rb8 32. Qa7 Qc1+ 33. Kg2 Qc6+
34. Kh3 Qb6 35. Qxb6 Rxb6 36. Raa7 Rbb8 37. f4 Rbe8 38. Red7 Kg7 39. Kg4 Re2 40.
h3 Rc2 41. Kh4 Rc5 42. g4 h6 43. Rd4 Rc6 44. f5 g5+ 45. Kg3 Rc3+ 46. Kg2 Re8 47.
Rd2 Rce3 48. Rad7 Re2+ 49. Rxe2 Rxe2+ 50. Kf3 Rh2 51. Kg3 Re2 52. Rd3 Kf6 53. h4
gxh4+ 54. Kxh4 Rh2+ 55. Kg3 Rh1 56. Kg2 Rh4 57. Kg3 Rh1 58. Rd6+ Kg5 59. f6 Rf1
60. Rc6 Rxf6 61. Rc5+ Kg6 62. Kh4 Kg7 63. Rc8 Rf2 64. Kg3 Rf1 65. Kg2 Rf6 66.
Kg3 Rg6 67. Kh4 Rf6 68. Kh5 Rf1 69. Kh4 Rh1+ 70. Kg3 Kg6 71. Rg8+ Kh7 72. Rf8
1/2-1/2

[Event "AUTO-ADV-3202"]
[Site "http://www.queenalice.com/game.php?id=1297570"]
[Date "2014.7.27"]
[Round "1"]
[White "Warner"]
[Black "junipero"]
[Result "1/2-1/2"]
[WhiteElo "1811"]
[BlackElo "2005"]

1. d4 d5 2. c4 c6 3. e3 e6 4. Nf3 Nf6 5. Nc3 Nbd7 6. cxd5 cxd5 7. Bd3 a6 8. O-O
Be7 9. e4 dxe4 10. Nxe4 O-O 11. a3 h6 12. Ne5 b5 13. Nc6 Qe8 14. Nxe7+ Qxe7 15.
Bd2 Bb7 16. Bb4 Qd8 17. Nxf6+ Nxf6 18. Bxf8 Qd5 19. Qf3 Qxf3 20. gxf3 Kxf8 21.
Kg2 Nh5 22. Be4 Nf4+ 23. Kg3 Nd5 24. Rac1 Rb8 25. Rc5 Ke7 26. Rfc1 Rd8 27. Rc7+
Rd7 28. R7c5 f5 29. Bxd5 Bxd5 30. Rc7 Kd6 31. Rxd7+ Kxd7 32. h4 g5 33. hxg5 hxg5
34. Rh1 Ke7 35. Rh5 Kf6 36. Rh7 a5 37. Ra7 a4 38. Rh7 Kg6 39. Rh8 Kg7 40. Rh5
Kg6 41. Rh8 Kg7 42. Rh5 Kg6 1/2-1/2

[Event "AUTO-ADV-3202"]
[Site "http://www.queenalice.com/game.php?id=1297583"]
[Date "2014.7.27"]
[Round "1"]
[White "Warner"]
[Black "Borsssoi"]
[Result "0-1"]
[WhiteElo "1819"]
[BlackElo "1808"]

1. d4 Nf6 2. c4 e6 3. e3 b6 4. Nf3 d5 5. Nc3 c5 6. cxd5 Nxd5 7. Nxd5 Qxd5 8. Be2
Nc6 9. O-O Bd6 10. dxc5 bxc5 11. Qxd5 exd5 12. Rd1 Be6 13. a3 O-O 14. h3 h6 15.
Bd2 Rab8 16. Bc3 f6 17. Bd3 a5 18. Rab1 g5 19. Bb5 Rxb5 0-1

[Event "AUTO-ADV-3202"]
[Site "http://www.queenalice.com/game.php?id=1297584"]
[Date "2014.7.27"]
[Round "1"]
[White "Borsssoi"]
[Black "Warner"]
[Result "0-1"]
[WhiteElo "1824"]
[BlackElo "1816"]

1. e4 e5 2. Nf3 d6 3. d4 exd4 4. Nxd4 Be7 5. Nc3 Nf6 6. Be2 O-O 7. O-O Bd7 8. f4
Nc6 9. Nb3 a6 10. h3 Be6 11. Be3 b6 12. Bd4 Bxb3 13. axb3 Nxd4 14. Qxd4 c5 15.
Qd3 b5 16. e5 dxe5 17. fxe5 Qxd3 18. Bxd3 Nd7 19. Nd5 Bd8 20. c4 Nxe5 21. Be4
Rb8 22. Rxa6 bxc4 23. Rc1 cxb3 24. Rxc5 Re8 25. Nf4 Bb6 26. Ra5 Bxc5+ 27. Rxc5
Nd7 28. Rc3 Rxe4 29. Nd5 Re2 30. Rc7 Nf6 31. Ne7+ Kf8 32. Nc6 Rbe8 33. Nd4 Rxb2
34. g4 Re1# 0-1

[Event "AUTO-ADV-3202"]
[Site "http://www.queenalice.com/game.php?id=1297585"]
[Date "2014.7.27"]
[Round "1"]
[White "Warner"]
[Black "KillerQueen"]
[Result "1-0"]
[WhiteElo "1858"]
[BlackElo "1687"]

1. d4 d5 2. c4 e6 3. e3 c5 4. Nf3 Nc6 5. cxd5 exd5 6. Nc3 Nf6 7. dxc5 Bxc5 8.
Be2 O-O 9. O-O d4 10. exd4 Nxd4 11. Nxd4 Bxd4 12. Bg5 h6 13. Bh4 1-0

[Event "AUTO-ADV-3202"]
[Site "http://www.queenalice.com/game.php?id=1297586"]
[Date "2014.7.27"]
[Round "1"]
[White "KillerQueen"]
[Black "Warner"]
[Result "0-1"]
[WhiteElo "1678"]
[BlackElo "1867"]

1. d4 d5 2. c4 e6 3. Nf3 c5 4. cxd5 exd5 5. Nc3 Nf6 6. Bf4 a6 7. g3 cxd4 8. Nxd4
Nc6 9. Bg2 Bb4 10. O-O Nxd4 11. Qxd4 Bxc3 12. bxc3 O-O 13. Bg5 Be6 14. Rfd1 Rc8
15. Bxf6 Qxf6 0-1

[Event "AUTO-ADV-3207"]
[Site "http://www.queenalice.com/game.php?id=1299191"]
[Date "2014.8.4"]
[Round "1"]
[White "csantosrj"]
[Black "Warner"]
[Result "1-0"]
[WhiteElo "1862"]
[BlackElo "1875"]

1. e4 e5 2. Nc3 Be7 3. Nf3 d6 4. d3 Nf6 5. h3 O-O 6. Be3 Nc6 7. Qd2 Be6 8. O-O-O
a5 9. Kb1 Qb8 10. d4 exd4 11. Nxd4 Nxd4 12. Bxd4 c5 13. Bxf6 Bxf6 14. Nd5 Bxd5
15. Qxd5 Be5 16. g3 b5 17. f4 Bd4 18. c3 Bf2 19. g4 b4 20. c4 Bd4 21. Qh5 a4 22.
Bd3 g6 23. Qh6 Qd8 24. g5 Bg7 25. Qh4 Qc7 26. f5 a3 27. f6 Bh8 28. Qg4 Qc8 29.
Qg3 b3 30. h4 Qa6 31. axb3 a2+ 32. Kc2 Rfb8 33. Be2 Qb7 34. h5 Qxe4+ 35. Bd3 Qe6
36. hxg6 fxg6 37. Rhe1 Qd7 38. Re7 Qc6 39. Be4 Qa6 40. Bd5+ Kf8 41. Rf7+ Ke8 42.
Qe3+ Kd8 43. Qe7+ 1-0

[Event "AUTO-ADV-3207"]
[Site "http://www.queenalice.com/game.php?id=1299192"]
[Date "2014.8.4"]
[Round "1"]
[White "Warner"]
[Black "csantosrj"]
[Result "0-1"]
[WhiteElo "1893"]
[BlackElo "1844"]

1. d4 c5 2. c4 e6 3. e3 d5 4. Nf3 Nc6 5. Nc3 cxd4 6. Nxd4 Bd7 7. cxd5 Nxd4 8.
Qxd4 Nf6 9. dxe6 Bxe6 10. Qxd8+ Rxd8 11. Bb5+ Bd7 12. Bxd7+ Rxd7 13. O-O a6 14.
a3 Bc5 15. b4 Bb6 16. Bb2 O-O 17. Rad1 Rfd8 18. Rxd7 Rxd7 19. Rd1 Rxd1+ 20. Nxd1
Bc7 21. h3 Nd7 22. Nc3 Be5 23. Na4 Bxb2 24. Nxb2 b5 25. Nd3 f6 26. f4 g6 27. g4
h5 28. gxh5 gxh5 29. Kf2 Kf7 30. Kf3 Ke6 31. Ke4 f5+ 32. Kd4 Kd6 33. h4 Nb6 34.
Nc5 Nc4 35. Nxa6 Nxa3 36. Nc5 Nc2+ 37. Kd3 Nxb4+ 38. Kd4 Nc2+ 39. Kd3 Nxe3 40.
Kxe3 Kxc5 41. Kd3 b4 42. Kc2 Kd4 0-1

[Event "AUTO-ADV-3207"]
[Site "http://www.queenalice.com/game.php?id=1299205"]
[Date "2014.8.4"]
[Round "1"]
[White "qxr"]
[Black "Warner"]
[Result "0-1"]
[WhiteElo "1802"]
[BlackElo "1849"]

1. e4 e5 2. Nf3 d6 3. d4 Be7 4. dxe5 dxe5 5. Qxd8+ Bxd8 6. Nxe5 Nf6 7. Nc3 O-O
8. Bd3 Re8 9. Bf4 Nbd7 10. O-O Nxe5 11. Bxe5 Rxe5 12. Rad1 Re8 13. f3 c6 14.
Rfe1 Bb6+ 15. Kh1 Bd4 16. Nb1 Bxb2 17. c3 Be6 18. Rd2 Bxc3 19. Nxc3 b5 20. a3 a5
21. Rb2 Red8 22. Be2 h6 23. h3 Rab8 24. Rc1 Nh5 25. Kh2 Nf4 26. Bf1 Nd3 27. Bxd3
Rxd3 28. Ne2 Rc8 29. Rbc2 Rxa3 30. Rxc6 Rxc6 31. Rxc6 b4 32. Rb6 b3 33. Nc3 a4
34. Ne2 Ra2 35. Nc3 Ra1 36. f4 a3 37. f5 Bc4 38. Nd5 b2 0-1

[Event "AUTO-ADV-3207"]
[Site "http://www.queenalice.com/game.php?id=1299206"]
[Date "2014.8.4"]
[Round "1"]
[White "Warner"]
[Black "qxr"]
[Result "1-0"]
[WhiteElo "1832"]
[BlackElo "1817"]

1. d4 Na6 2. c4 c5 3. e3 g6 4. Nf3 Bg7 5. a3 d6 6. Nc3 Nf6 7. Be2 h6 8. O-O O-O
9. Bd2 e6 10. Qc2 Bd7 11. Ne4 Nxe4 12. Qxe4 cxd4 13. exd4 Bc6 14. Qd3 Nc7 15.
Rab1 f5 16. b4 Be4 17. Qc3 Bxb1 18. Rxb1 a6 19. Bc1 b5 20. Qb3 a5 21. cxb5 a4
22. Qe3 Nd5 23. Qxe6+ Kh7 24. Qxd5 f4 25. Bd3 Qf6 26. Bb2 Rfe8 27. Qc6 Rac8 28.
Qd5 Qd8 29. Qf7 Rc7 30. Qxg6+ Kh8 31. Qh7# 1-0

[Event "AUTO-ADV-3207"]
[Site "http://www.queenalice.com/game.php?id=1299213"]
[Date "2014.8.4"]
[Round "1"]
[White "maurice91"]
[Black "Warner"]
[Result "0-1"]
[WhiteElo "1894"]
[BlackElo "1796"]

1. d4 d5 2. Nf3 e6 3. Bf4 c5 4. c3 Nc6 5. e3 Nf6 6. Bd3 cxd4 7. cxd4 Bd6 8. Bxd6
Qxd6 9. Nc3 O-O 10. O-O a6 11. a3 b5 12. b4 Ng4 13. h3 Nf6 14. Rc1 Re8 15. Bb1
e5 16. dxe5 Nxe5 17. Nxe5 Qxe5 18. Qd3 Bb7 19. Rcd1 Rad8 20. Rd2 Rd7 21. Rfd1
Red8 22. Qc2 Qe6 23. Ne2 g6 24. Nf4 Qc6 25. Qb2 Ne4 26. Rd4 Qc3 27. Qa2 Qc7 28.
Nxd5 Bxd5 29. Rxd5 Rxd5 30. Rxd5 Rxd5 31. Qxd5 Qc1+ 32. Kh2 Qxb1 33. Qd8+ Kg7
34. Qd4+ Kh6 35. f3 f5 36. fxe4 Qxe4 37. Qc3 Qb7 38. Qc1 Qe4 39. g3 g5 40. Qc3
Kh5 41. Qd2 g4 42. h4 Qe6 43. Kg1 Qe5 44. Kf2 Qe6 45. Qc2 h6 46. Qb2 Qc6 47. Kg1
Qf3 48. Qf2 Qxf2+ 49. Kxf2 Kg6 50. Ke2 Kf6 51. Kd3 Ke5 52. Ke2 h5 53. Kd3 Kd5
54. Kc3 Ke4 55. Kd2 Kf3 56. Kd3 Kxg3 57. Kd4 Kf3 58. Ke5 Kxe3 59. Kxf5 g3 60.
Kg5 g2 61. Kxh5 g1=Q 62. Kh6 Kf4 0-1

[Event "AUTO-ADV-3207"]
[Site "http://www.queenalice.com/game.php?id=1299214"]
[Date "2014.8.4"]
[Round "1"]
[White "Warner"]
[Black "maurice91"]
[Result "0-1"]
[WhiteElo "1803"]
[BlackElo "1825"]

1. d4 d5 2. c4 e6 3. e3 Bb4+ 4. Nc3 c5 5. Nf3 Nc6 6. a3 Bxc3+ 7. bxc3 dxc4 8.
Bxc4 cxd4 9. cxd4 Nge7 10. O-O O-O 11. Bb3 b6 12. Bc2 Bb7 13. Qd3 f5 14. Ng5 Bc8
15. Bb3 Nd5 16. Nf3 Bd7 17. Bd2 Rc8 18. Bxd5 exd5 19. Rac1 Kh8 20. Rfe1 Qe7 21.
Rb1 Rfe8 22. Bc3 Qf6 23. Rec1 f4 24. exf4 Bf5 25. Qd2 Bxb1 26. Rxb1 Re4 27. Ne5
Rxf4 28. Nxc6 Rxc6 29. Re1 Rc8 30. Re5 Re4 31. Rxd5 Qe7 32. Re5 Rxe5 33. dxe5
Qxa3 34. e6 Qxc3 35. Qe2 Qc1+ 36. Qf1 Qxf1+ 37. Kxf1 Re8 0-1

[Event "AUTO-ADV-3239"]
[Site "http://www.queenalice.com/game.php?id=1308055"]
[Date "2014.9.13"]
[Round "1"]
[White "garturo7"]
[Black "Warner"]
[Result "1-0"]
[WhiteElo "1962"]
[BlackElo "1851"]

1. e4 e5 2. Nf3 d6 3. d4 Nf6 4. dxe5 dxe5 5. Qxd8+ Kxd8 6. Nxe5 Be6 7. f3 Nbd7
8. Nd3 a5 9. Bf4 h6 10. Nc3 c6 11. O-O-O b5 12. Ne5 Rc8 13. a4 b4 14. Nb1 g5 15.
Bg3 Bc5 16. Ba6 Be3+ 17. Nd2 Rb8 18. Nxc6+ 1-0

[Event "AUTO-ADV-3239"]
[Site "http://www.queenalice.com/game.php?id=1308056"]
[Date "2014.9.13"]
[Round "1"]
[White "Warner"]
[Black "garturo7"]
[Result "0-1"]
[WhiteElo "1851"]
[BlackElo "1925"]

1. d4 d5 2. c4 e6 3. e3 c5 4. Nf3 Nf6 5. Nc3 Nc6 6. cxd5 exd5 7. dxc5 Bxc5 8.
Bd3 O-O 9. O-O Bg4 10. Be2 Re8 11. a3 a6 12. Bd2 Qd7 13. b4 Bd6 14. Qb3 Qf5 15.
Qd1 Qh5 16. g3 d4 0-1

[Event "AUTO-ADV-3239"]
[Site "http://www.queenalice.com/game.php?id=1308065"]
[Date "2014.9.13"]
[Round "1"]
[White "rubenov"]
[Black "Warner"]
[Result "1-0"]
[WhiteElo "1968"]
[BlackElo "1875"]

1. d4 d5 2. Bg5 Qd6 3. c3 e6 4. e3 Nd7 5. Nf3 Ngf6 6. Nbd2 c6 7. Bf4 Qe7 8. Bd3
c5 9. O-O cxd4 10. exd4 Nb6 11. Qc2 Qd7 12. Ne5 Qd8 13. Bg5 g6 14. Ndf3 Bg7 15.
a4 a5 16. Bb5+ Bd7 17. Nxd7 Nbxd7 18. Ne5 1-0

[Event "AUTO-ADV-3239"]
[Site "http://www.queenalice.com/game.php?id=1308066"]
[Date "2014.9.13"]
[Round "1"]
[White "Warner"]
[Black "rubenov"]
[Result "0-1"]
[WhiteElo "1863"]
[BlackElo "1988"]

1. d4 d5 2. c4 dxc4 3. Nc3 Nd7 4. e3 Nb6 5. Nf3 Nf6 6. e4 c6 7. h3 e6 8. Be2 Be7
9. O-O h6 10. Na4 Nxa4 11. Qxa4 b5 12. Qc2 O-O 13. e5 Nd5 14. a3 Bb7 15. Rd1 c5
16. dxc5 Bxc5 17. b4 Bb6 18. Nd4 a6 19. Bb2 Rc8 20. Bc3 Nxc3 21. Qxc3 Qh4 0-1

[Event "AUTO-OPEN-3327"]
[Site "http://www.queenalice.com/game.php?id=1308100"]
[Date "2014.9.13"]
[Round "1"]
[White "Aguinaldo"]
[Black "Warner"]
[Result "0-1"]
[WhiteElo "1748"]
[BlackElo "1882"]

1. e4 e5 2. Nf3 d6 3. Nc3 Be7 4. Nd5 Nf6 5. Nxf6+ Bxf6 6. d4 exd4 7. Nxd4 O-O 8.
c3 Bd7 9. Be3 Re8 10. Bd3 Nc6 11. Qd2 Nxd4 12. cxd4 a5 13. O-O b5 14. f4 b4 15.
e5 dxe5 16. dxe5 Be7 17. Qc2 g6 18. Rad1 Qc8 19. Bc4 Be6 20. Bxe6 Qxe6 21. b3
Qc8 22. Rd3 Qb7 23. Qf2 Red8 24. Rfd1 Rxd3 25. Rxd3 Rd8 26. Rxd8+ Bxd8 27. Qf3
Qxf3 28. gxf3 f5 29. Kf2 Kf7 30. Kg3 Ke6 31. Kf2 Kd5 32. Ke2 c5 33. Kd3 h6 34.
h3 h5 35. Bf2 Be7 36. h4 Bd8 37. Kc2 c4 38. bxc4+ Kxc4 39. e6 Kd5 40. e7 Bxe7
41. Kb3 Bd8 42. a3 bxa3 43. Kxa3 Kc4 44. Ka4 Bc7 45. Be1 Bxf4 46. Bxa5 Kd3 0-1

[Event "AUTO-OPEN-3327"]
[Site "http://www.queenalice.com/game.php?id=1308101"]
[Date "2014.9.13"]
[Round "1"]
[White "Warner"]
[Black "Aguinaldo"]
[Result "0-1"]
[WhiteElo "1893"]
[BlackElo "1737"]

1. d4 e6 2. c4 Bb4+ 3. Nc3 Bxc3+ 4. bxc3 Nf6 5. Nf3 Ne4 6. Qd3 Nf6 7. d5 exd5 8.
cxd5 O-O 9. e3 d6 10. Be2 g6 11. O-O Bf5 12. Qb5 b6 13. c4 a6 14. Qb3 Nbd7 15.
Nd4 Nc5 16. Qb4 Bd7 17. Nf3 a5 18. Qb2 Nfe4 19. Nd2 Na4 20. Qc2 Nec3 21. Bf3 Bf5
22. e4 Bd7 23. Bb2 Nxb2 24. Qxc3 Na4 25. Qc2 Nc5 26. Qc3 Qg5 27. Nb3 Nxb3 28.
axb3 Bg4 29. Bxg4 Qxg4 30. f3 Qh4 31. Ra4 f5 32. e5 dxe5 33. Qxe5 Qd8 34. Rd1
Qd6 35. Qxd6 cxd6 36. Re1 Rae8 37. Raa1 Kf7 38. Kf2 Rxe1 39. Rxe1 Re8 40. Rxe8
Kxe8 41. Ke3 Kf7 42. Kf4 Kf6 43. h4 h6 44. g4 g5+ 45. hxg5+ hxg5+ 46. Ke3 Ke5
0-1

[Event "AUTO-OPEN-3327"]
[Site "http://www.queenalice.com/game.php?id=1308122"]
[Date "2014.9.13"]
[Round "1"]
[White "FromentPierre"]
[Black "Warner"]
[Result "1/2-1/2"]
[WhiteElo "1625"]
[BlackElo "1860"]

1. Nf3 d5 2. d4 e6 3. a3 c5 4. e3 Nf6 5. c4 Nc6 6. cxd5 exd5 7. dxc5 Bxc5 8. b4
Be7 9. Bb2 O-O 10. Nd4 Nxd4 11. Bxd4 Bf5 12. Nc3 b6 13. Be2 Qd7 14. O-O Bd8 15.
Rc1 Be7 16. Bf3 Bg4 17. Bxf6 Bxf3 18. Qxf3 Bxf6 19. Nxd5 Bb2 20. Rcd1 Qd8 21. a4
Rc8 22. Qe2 Bf6 23. Nxf6+ Qxf6 24. b5 1/2-1/2

[Event "AUTO-OPEN-3327"]
[Site "http://www.queenalice.com/game.php?id=1308123"]
[Date "2014.9.13"]
[Round "1"]
[White "Warner"]
[Black "FromentPierre"]
[Result "1-0"]
[WhiteElo "1852"]
[BlackElo "1653"]

1. d4 d5 2. c4 e6 3. e3 c6 4. Nf3 Nf6 5. Nc3 Be7 6. cxd5 exd5 7. Be2 O-O 8. O-O
h6 9. a3 Bf5 10. Bd3 Bxd3 11. Qxd3 Nbd7 12. b4 b5 13. Re1 Re8 14. Bd2 Bd6 15.
Rac1 Rc8 16. e4 Qc7 17. e5 Nxe5 18. dxe5 Rxe5 19. Nxe5 Bxe5 20. g3 Re8 21. Rxe5
1-0

[Event "AUTO-OPEN-3327"]
[Site "http://www.queenalice.com/game.php?id=1308136"]
[Date "2014.9.13"]
[Round "1"]
[White "Warner"]
[Black "Sparrow"]
[Result "0-1"]
[WhiteElo "1882"]
[BlackElo "1316"]

1. d4 d5 2. c4 dxc4 3. Nc3 Bf5 4. e4 Bg6 5. Bxc4 e6 6. Nf3 Nd7 7. O-O c6 8. Bf4
Bh5 9. a3 Ne7 10. b4 Ng6 11. Be3 Be7 12. Be2 O-O 13. Nd2 Bxe2 14. Qxe2 f5 15.
exf5 exf5 16. d5 Nde5 17. dxc6 bxc6 18. Rad1 Qc7 19. Nf3 Nxf3+ 20. Qxf3 Nh4 21.
Qe2 f4 22. Qc4+ Kh8 23. Nd5 Qe5 24. Nxf4 Nf5 25. Nd3 Nxe3 26. Nxe5 Nxc4 27. Nxc4
c5 28. bxc5 Bxc5 29. Rd3 Rae8 30. Rd2 Rf4 31. Rfd1 Rxc4 32. Rd8 Rg8 0-1

[Event "AUTO-OPEN-3327"]
[Site "http://www.queenalice.com/game.php?id=1308137"]
[Date "2014.9.13"]
[Round "1"]
[White "Sparrow"]
[Black "Warner"]
[Result "1-0"]
[WhiteElo "1316"]
[BlackElo "1851"]

1. e4 e5 2. Nf3 d6 3. h3 Nf6 4. Nc3 Be7 5. Bc4 O-O 6. O-O Nc6 7. d4 exd4 8. Nxd4
Nxd4 9. Qxd4 c5 10. Qd3 a6 11. a4 Be6 12. f4 Bxc4 13. Qxc4 Qc7 14. Nd5 Nxd5 15.
Qxd5 b5 16. e5 dxe5 17. axb5 Rfd8 18. Qf3 Bf6 19. bxa6 exf4 20. Bxf4 Qb6 21. Kh1
Rxa6 22. Rxa6 Qxa6 23. Bg5 Bxg5 24. Qxf7+ 1-0